| 000 | 00474nam a22001577a 4500 | ||
|---|---|---|---|
| 008 | 230713b |||||||| |||| 00| 0 eng d | ||
| 040 |
_aNational Science Library _cNational Science Library |
||
| 080 |
_aT 537.86 _bN1 |
||
| 100 | _aAvinash, K | ||
| 245 | _aAxisymmetric toroidal equilibrium with incompressible flows | ||
| 260 |
_aGandhinagar: _bInstitute for Plasma Research, _c1991 |
||
| 300 | _a15p. | ||
| 650 | _aScience | ||
| 653 | _aPlasma | ||
| 942 |
_2udc _cREP |
||
| 999 |
_c53313 _d53313 |
||